00637cam a22002291 4500001001300000003000400013005001700017008004100034010001700075035001800092040001800110042001200128050002100140100003100161245006200192250001300254260004100267300001800308500003600326650002200362740002300384sa 68014584 DLC20260227112633.0720804s1953 xx 000 0 ind  asa 68014584  a(OCoLC)373864 aDLCcOAUdDLC apremarc00aBF721b.J84 19531 aYunus, Mahmud,d1899-1982.10aKeringkasan ilmu djiwa anak² untuk guru² dan ibu bapak. aTjet. 4. aDjakarta,bPustaka Muhmudiah,c1953. a46 p.c19 cm. aCover title: Ilmu djiwa anak². 0aChild psychology.0 aIlmu djiwa anak².